000 01041nam a2200325 a 4500
003 AR-BaBNM
005 20251128204001.0
008 082120s2002 ||||||||||||||000 | spa||
040 _cAR-BaBNM
100 1 _aPaterlini, Carlos M.
245 0 0 _aRelevamiento aeromagnético regional en el mar de Weddell noroccidental Antártida
_bRegional aeromagnetic survey of the northwestern Weddell sea Antartica
260 _aBuenos Aires
_bDirección Nacional del Antártico
_c1984
300 _a16 p.
_bmapas, gráfs., tablas
490 0 _aInstituto Antártico Argentino
_vv. 306
504 _aBibliografía p. 10
650 4 _aREGIONES POLARES
650 4 _aZONAS CLIMATICAS
650 4 _aOCEANOGRAFIA
650 4 _aEXPEDICIONES CIENTIFICAS
650 4 _aEXPLORACION OCEANICA
650 4 _aINVESTIGACION CIENTIFICA
650 4 _aEXPLORACION DE RECURSOS
650 4 _aMAGNETISMO
650 4 _aMETODOS
651 4 _aAntártida
700 1 _aNuñez, Jorge H.
700 1 _aKeller, Marcelo A.
942 _cBK
998 _cmariana
999 _c5713
_d5713